Antenna engineering handbook / (Record no. 195117)
[ view plain ]
| 000 -LEADER | |
|---|---|
| fixed length control field | 00817 a2200241 4500 |
| 003 - CONTROL NUMBER IDENTIFIER | |
| control field | Nust |
| 005 - DATE AND TIME OF LATEST TRANSACTION | |
| control field | 20241220095739.0 |
| 020 ## - INTERNATIONAL STANDARD BOOK NUMBER | |
| International Standard Book Number | 0-07-032291-0 |
| 040 ## - CATALOGING SOURCE | |
| Transcribing agency | Nust |
| 082 ## - DEWEY DECIMAL CLASSIFICATION NUMBER | |
| Classification number | 621.384 135 |
| 082 ## - DEWEY DECIMAL CLASSIFICATION NUMBER | |
| Classification number | 621.384 135 |
| 245 00 - TITLE STATEMENT | |
| Title | Antenna engineering handbook / |
| Statement of responsibility, etc. | ed. Richard C. Johnson, Henry Jasik |
| 250 ## - EDITION STATEMENT | |
| Edition statement | 2. ed. |
| 260 ## - PUBLICATION, DISTRIBUTION, ETC. | |
| Place of publication, distribution, etc. | New York : |
| Name of publisher, distributor, etc. | McGraw-Hill, |
| Date of publication, distribution, etc. | cop. 1984 |
| 300 ## - PHYSICAL DESCRIPTION | |
| Extent | [1345] s. (var. pag.) : |
| Other physical details | diagr., ill., tab. |
| 505 ## - FORMATTED CONTENTS NOTE | |
| Formatted contents note | Introduction to Fundamentals (Page 1-3), Types and Design Methods (Page 4-3), Applications (Page 24-2), Topices Assocated with Antennas (Page 42-3). |
| 520 ## - SUMMARY, ETC. | |
| Summary, etc. | Alimrah No.126, Shelf No.4 |
| 650 #4 - SUBJECT ADDED ENTRY--TOPICAL TERM | |
| Topical term or geographic name entry element | Antenner |
| 9 (RLIN) | 98047 |
| 650 #4 - SUBJECT ADDED ENTRY--TOPICAL TERM | |
| Topical term or geographic name entry element | Antenner |
| 9 (RLIN) | 98047 |
| 700 1# - ADDED ENTRY--PERSONAL NAME | |
| Personal name | Jasik, Henry |
| Relator code | edt |
| 9 (RLIN) | 75503 |
| 700 1# - ADDED ENTRY--PERSONAL NAME | |
| Personal name | Johnson, Richard C. |
| Relator code | edt |
| 9 (RLIN) | 127208 |
| 942 ## - ADDED ENTRY ELEMENTS (KOHA) | |
| Source of classification or shelving scheme | |
| Koha item type | Book |
| Withdrawn status | Lost status | Source of classification or shelving scheme | Damaged status | Not for loan | Collection code | Permanent Location | Current Location | Date acquired | Total Checkouts | Full call number | Barcode | Date last seen | Price effective from | Koha item type |
|---|---|---|---|---|---|---|---|---|---|---|---|---|---|---|
| Military College of Signals (MCS) | Military College of Signals (MCS) | 12/12/2016 | 621.384.JOH | MCS8984 | 12/08/2016 | 12/12/2016 | Book |
